American Diplomacy / A History (Record no. 4396)
[ view plain ]
| 000 -LEADER | |
|---|---|
| fixed length control field | 01295cam a22002054a 4500 |
| 005 - ΗΜΕΡΟΜΗΝΙΑ ΚΑΙ ΩΡΑ ΤΕΛΕΥΤΑΙΑΣ ΕΝΗΜΕΡΩΣΗΣ | |
| Πεδίο ελέγχου | 20250605164145.0 |
| 008 - FIXED-LENGTH DATA ELEMENTS--GENERAL INFORMATION | |
| Πεδίο ελέγχου σταθερού μήκους | 250528s ||||||||||||||||||||||||d |
| 035 ## - SYSTEM CONTROL NUMBER | |
| System control number | 19117 |
| 020 ## - ISBN | |
| ISBN | 393093093 |
| 040 ## - ΠΗΓΗ ΚΑΤΑΛΟΓΟΓΡΑΦΗΣΗΣ | |
| Φορέας πρωτότυπης καταλογογράφησης | MC Athens Campus Library |
| Γλώσσα καταλογογράφησης | Ελληνικά, Μοντέρνα (1453-) |
| Modifying agency | MC Athens Campus Library |
| Κανόνες περιγραφικής καταλογογράφησης | AACR2 |
| 245 1# - ΤΙΤΛΟΣ ΚΑΙ ΔΗΛΩΣΗ ΥΠΕΥΘΥΝΟΤΗΤΑΣ | |
| Τίτλος | American Diplomacy / A History |
| 250 ## - EDITION STATEMENT | |
| Edition statement | 3rd |
| 260 ## - PUBLICATION, DISTRIBUTION, ETC. | |
| Name of publisher, distributor, etc. | W.W. Norton & Company, |
| Date of publication, distribution, etc. | 1975 |
| 300 ## - PHYSICAL DESCRIPTION | |
| Extent | 884 |
| 520 ## - SUMMARY, ETC. | |
| Summary, etc. | Preface, The Tradition and the Men and the Mechanisms, The American Revolution, The Commerce of a New Nation, Neutrality and Quasi War, The Louisiana Purchase, The War of 1812, Era of Good Feelings, Manifest Destiny, The Northeast and Northwest Boundaries, Expansive Projects, Civil War, The Republic at Peace, The New Manifest Destiny, New Opportunities, The War with Spain, The Far East - 1899-1921, Colossus of the North, World Power, Nutrality - 1914-1917, War and Peace, The Twenties, The Great Depression, To Pearl Harbor - 1939-1941, The Second World War, Europe - 1945-1950, Europe in Recent Years, The Two Chinas, Japan and the Korean War and Southeast Asia, The Middle East and Africa, Good Neighbor in Latin America, Vietnam, The Diplomatic Revolution: The New Weapons and Diplomacy, Prospect, Index. |
| 700 1# - ΠΡΟΣΘΕΤΗ ΑΝΑΓΡΑΦΗ--ΦΥΣΙΚΟ ΠΡΟΣΩΠΟ | |
| Personal name | Ferrell Robert H |
| 9 (RLIN) | 5363 |
| 942 ## - ADDED ENTRY ELEMENTS (KOHA) | |
| Koha item type | Books |
| Τύπος τεκμηρίου | Βιβλιοθήκη | Τρέχουσα τοποθεσία | Barcode | Αριθμός εισαγωγής | Ημερομηνία απόκτησης | Ταξιθετικό σύμβολο | Αριθμός αντιτύπου | Κατάσταση απόσυρσης | Κατάσταση χαμένου | Κατάσταση κατεστραμμένου | Μη δανεισμός | Σύνολο δανεισμών | Ημερομηνία τελευταίας εμφάνισης | Η τιμή ισχύει από |
|---|---|---|---|---|---|---|---|---|---|---|---|---|---|---|
| Books | MC Athens Campus Library | MC Athens Campus Library | 9780000043955 | 4057 | 05/06/2025 | 327.73 FER | 1 | 05/06/2025 | 05/06/2025 |